[Event "I Taça Litoral"]
[Site "S Martinho Porto POR"]
[Date "2018.09.16"]
[Round "2.6"]
[White "Lochte, Thomas"]
[Black "Vonach, Bernard"]
[Result "1-0"]
[WhiteElo "2071"]
[BlackElo "1894"]
[WhiteFideId "4606272"]
[BlackFideId "4680243"]
[WhiteCountry "GER"]
[BlackCountry "GER"]
[PlyCount "143"]


1. e4 e5 2. Nf3 Nc6 3. Bc4 Nf6 4. d4 exd4 5. O-O Nxe4 6. Re1 d5 7. Bxd5 Qxd5 8.
Nc3 Qh5 9. Nxe4 Be6 10. Bg5 Bd6 11. Nxd6+ cxd6 12. Bf4 O-O 13. Nxd4 Qxd1 14.
Raxd1 Nxd4 15. Rxd4 d5 16. Rb4 b6 17. Re3 Rfc8 18. Ra3 Rc4 19. Rxc4 dxc4 20. Be3
Bd5 21. Bd4 f6 22. f3 Kf7 23. Kf2 Ke6 24. Ke3 Kd6 25. Kf4 Bc6 26. h4 Kd5 27. Be3
Re8 28. g4 Re7 29. Kg3 Be8 30. h5 g6 31. g5 f5 32. h6 Kc6 33. Bd4 a5 34. Kf4 Bf7
35. Re3 Rxe3 36. Bxe3 Kd5 37. Bxb6 a4 38. Ba5 Be6 39. Bc3 Bf7 40. a3 Be6 41. Bf6
Bf7 42. Ke3 Kc5 43. Be7+ Kd5 44. Kd2 Kd4 45. Bf6+ Kc5 46. Kc3 Be8 47. Bd4+ Kd5
48. Be3 Bd7 49. Kb4 Bc6 50. f4 Be8 51. Ka5 Kd6 52. Kb6 Bf7 53. Bd4 Be8 54. Be5+
Kd5 55. c3 Bd7 56. Kc7 Bb5 57. Kd8 Ke6 58. Bd4 Bc6 59. Be5 Bb5 60. Kc7 Be8 61.
Bd4 Bb5 62. Kb6 Be8 63. Kc5 Bd7 64. Kxc4 Kd6 65. Bc5+ Kc6 66. Kd4 Be8 67. Bb4
Kb5 68. c4+ Kc6 69. c5 Kd7 70. Ke5 Ke7 71. c6+ Kf7 72. Kd6 1-0

[Event "I Taça Litoral"]
[Site "S Martinho Porto POR"]
[Date "2018.09.16"]
[Round "2.7"]
[White "Schmitz, Manuela"]
[Black "Amato, Giampiero"]
[Result "1-0"]
[WhiteElo "1931"]
[BlackElo "2031"]
[WhiteFideId "4626001"]
[BlackFideId "813303"]
[WhiteTitle "WFM"]
[WhiteCountry "GER"]
[BlackCountry "ITA"]
[PlyCount "76"]


1. d4 Nf6 2. Nf3 g6 3. c4 Bg7 4. Nc3 O-O 5. e4 d6 6. Be2 Na6 7. h3 e5 8. Be3
exd4 9. Nxd4 Nc5 10. Qc2 Re8 11. f3 a5 12. g4 c6 13. O-O-O a4 14. Nxc6 bxc6 15.
Bxc5 Nxg4 16. Kb1 Qa5 17. Bd4 Nf6 18. h4 Be6 19. Rd2 c5 20. Be3 Nd7 21. Nd1 Rab8
22. Kc1 Rb4 23. Rxd6 Qc7 24. Ra6 Nb6 25. Bd2 Qb7 26. Bxb4 Qxa6 27. Bc3 Bxc4 28.
Bxc4 Bh6+ 29. Kb1 Qxc4 30. h5 Bg7 31. Ne3 Qe6 32. Bxg7 Kxg7 33. Ng4 Qd6 34. hxg6
Qxg6 35. Qc3+ Kf8 36. Qxc5+ Kg7 37. Qd4+ Kf8 38. Rh6 {} 1-0

[Event "I Taça Litoral"]
[Site "S Martinho Porto POR"]
[Date "2018.09.16"]
[Round "2.8"]
[White "Hart, Alexander"]
[Black "Sismeiro, Miguel"]
[Result "0-1"]
[WhiteElo "1901"]
[BlackElo "2014"]
[WhiteFideId "1735829"]
[BlackFideId "1950975"]
[WhiteCountry "SWE"]
[BlackCountry "POR"]
[PlyCount "88"]


1. Nf3 d5 2. g3 Nf6 3. Bg2 Bg4 4. O-O e6 5. d3 Be7 6. Nbd2 O-O 7. h3 Bh5 8. g4
Bg6 9. Ne5 Nbd7 10. Nxg6 hxg6 11. d4 c5 12. c3 Qb6 13. e3 Rfd8 14. b3 Rac8 15.
Bb2 a5 16. Qe2 a4 17. Rab1 cxd4 18. exd4 Bf8 19. Ba1 Qa5 20. b4 Qc7 21. Rfc1 Nb6
22. Qb5 Ne8 23. Bf1 Nd6 24. Qd3 Nbc4 25. Be2 Nxd2 26. Qxd2 b5 27. Rc2 Nc4 28.
Qc1 Bd6 29. Bb2 Qe7 30. Qf1 Qh4 31. Bc1 Rf8 32. Bf3 Rc6 33. Qg2 Rfc8 34. a3 Qf6
35. Ra1 g5 36. Kf1 Qg6 37. Raa2 Bf4 38. Ke2 Nd6 39. Bxf4 gxf4 40. Kd2 Ne4+ 41.
Bxe4 dxe4 42. f3 e3+ 43. Kd1 Qd3+ 44. Kc1 Rxc3 0-1

[Event "I Taça Litoral"]
[Site "S Martinho Porto POR"]
[Date "2018.09.16"]
[Round "2.9"]
[White "Schmitz, Andreas"]
[Black "Kievelitz, Bernd"]
[Result "1-0"]
[WhiteElo "2008"]
[BlackElo "1842"]
[WhiteFideId "4609875"]
[BlackFideId "4602544"]
[WhiteTitle "CM"]
[WhiteCountry "GER"]
[BlackCountry "GER"]
[PlyCount "72"]


1. e4 c5 2. c3 Nf6 3. e5 Nd5 4. d4 cxd4 5. cxd4 e6 6. Nc3 Nxc3 7. bxc3 Qc7 8.
Bd2 b6 9. Be2 Bb7 10. Bf3 Nc6 11. Ne2 Na5 12. Bxb7 Qxb7 13. O-O Nc4 14. f4 Nxd2
15. Qxd2 Be7 16. f5 exf5 17. Rxf5 O-O 18. Raf1 f6 19. exf6 Rxf6 20. Rxf6 Bxf6
21. Ng3 Rf8 22. Qe2 Qc6 23. Ne4 Be7 24. Rxf8+ Kxf8 25. Qd3 Qe6 26. d5 Bc5+ 27.
Kf1 Qh6 28. Nxc5 bxc5 29. Qf5+ Qf6 30. Qxf6+ gxf6 31. Ke2 Ke7 32. Ke3 f5 33. Kf4
Kf6 34. h4 h5 35. d6 Ke6 36. c4 {} 1-0

[Event "I Taça Litoral"]
[Site "S Martinho Porto POR"]
[Date "2018.09.16"]
[Round "2.10"]
[White "Morais, Vítor"]
[Black "Osianu, Tudor"]
[Result "0-1"]
[WhiteElo "1893"]
[BlackElo "1978"]
[WhiteFideId "1900552"]
[BlackFideId "1212486"]
[WhiteTitle "NM"]
[WhiteCountry "POR"]
[BlackCountry "ROU"]
[PlyCount "77"]


1. b3 Nf6 2. Bb2 g6 3. Bxf6 exf6 4. c4 Bg7 5. Nc3 d6 6. g3 c6 7. Bg2 f5 8. Rc1
Nd7 9. e3 Nf6 10. Nge2 O-O 11. O-O Re8 12. Nf4 Ne4 13. d4 Qa5 14. Nxe4 fxe4 15.
Qc2 Bf5 16. h3 h5 17. Rfd1 Rac8 18. Qd2 Qc7 19. Rc2 Qe7 20. Qc1 Bh6 21. Ne2 Qg5
22. Qa3 Re6 23. Qxa7 h4 24. g4 Bxg4 25. hxg4 Qxg4 26. Kh2 Rf6 27. Rf1 h3 28.
Bxh3 Qh4 29. Kg2 Bxe3 30. Ng3 Rf3 31. Bxc8 Bxf2 32. Rfxf2 Rxg3+ 33. Kf1 e3 34.
Rh2 Qf4+ 35. Ke1 Rg1+ 36. Ke2 Qf1+ 37. Kxe3 Rg3+ 38. Kd2 Rd3# {} 0-1

[Event "I Taça Litoral"]
[Site "S Martinho Porto POR"]
[Date "2018.09.16"]
[Round "2.11"]
[White "Hielscher, Ursula"]
[Black "van Riemsdijk, Herman"]
[Result "0-1"]
[WhiteElo "1771"]
[BlackElo "2270"]
[WhiteFideId "4658965"]
[BlackFideId "2100053"]
[BlackTitle "IM"]
[WhiteCountry "GER"]
[BlackCountry "BRA"]
[PlyCount "63"]


1. d4 c5 2. d5 Nf6 3. c4 b5 4. e4 Nxe4 5. cxb5 Qa5+ 6. Bd2 Nxd2 7. Qxd2 Qxd2+ 8.
Nxd2 Bb7 9. Ne4 Bxd5 10. Nxc5 e6 11. Nd3 Be7 12. Ne2 O-O 13. Nc3 Bb7 14. f3 d5
15. Be2 Nd7 16. O-O d4 17. Ne4 f5 18. Nef2 e5 19. Rac1 Rac8 20. Rxc8 Rxc8 21.
Rc1 Rxc1+ 22. Nxc1 e4 23. fxe4 fxe4 24. Bc4+ Kf8 25. Nb3 Ne5 26. Na5 Nxc4 27.
Nxb7 Nd2 28. Na5 d3 29. Nc6 Bc5 30. b4 Bxf2+ 31. Kxf2 Nc4 {} 0-1

[Event "I Taça Litoral"]
[Site "S Martinho Porto POR"]
[Date "2018.09.16"]
[Round "2.12"]
[White "Bous, Florian"]
[Black "Pitschka, Claus"]
[Result "0-1"]
[WhiteElo "2019"]
[BlackElo "2262"]
[WhiteFideId "4660412"]
[BlackFideId "4617762"]
[BlackTitle "FM"]
[WhiteCountry "GER"]
[BlackCountry "GER"]
[PlyCount "89"]


1. d4 d5 2. c4 c6 3. Nf3 Nf6 4. Nc3 a6 5. e3 b5 6. c5 g6 7. Ne5 Bg7 8. Be2 Nfd7
9. f4 Nxe5 10. fxe5 f6 11. exf6 Bxf6 12. Bd3 e5 13. dxe5 Bxe5 14. Ne2 O-O 15.
Qc2 Bf5 16. Bxf5 Rxf5 17. Bd2 Nd7 18. O-O-O Qe7 19. g4 Rf2 20. Nd4 Rc8 21. b4
Qf6 22. g5 Qxg5 23. h4 Qh5 24. Rdg1 Bxd4 25. exd4 Nf6 26. Rg5 Qf3 27. Rxg6+ Kh8
28. Re1 Ne4 29. Rxe4 Qxe4 30. Qxe4 dxe4 31. Re6 Rg8 32. Bg5 Rg6 33. Rxe4 h6 34.
Bd2 Rgg2 35. Be1 Rxa2 36. Kb1 Rae2 37. Rxe2 Rxe2 38. Bc3 Kg8 39. h5 Kf7 40. Kc1
Rh2 41. d5 cxd5 42. c6 Ke6 43. Bd2 Rxh5 44. Bf4 Rh4 {} 0-1

[Event "I Taça Litoral"]
[Site "S Martinho Porto POR"]
[Date "2018.09.16"]
[Round "2.13"]
[White "Pais, Bruno"]
[Black "Basílio, Rodrigo"]
[Result "0-1"]
[WhiteElo "1817"]
[BlackElo "1669"]
[WhiteFideId "1911341"]
[BlackFideId "1941380"]
[WhiteCountry "POR"]
[BlackCountry "POR"]
[PlyCount "63"]


1. d4 Nf6 2. c4 g6 3. Nc3 Bg7 4. e4 d6 5. h3 Nbd7 6. Bd3 O-O 7. Bg5 c5 8. d5 h6
9. Be3 Ne5 10. Nf3 Nxd3+ 11. Qxd3 Ne8 12. Qd2 Kh7 13. g4 a6 14. a4 Qa5 15. O-O
Bd7 16. Qc2 e5 17. Bd2 Qd8 18. a5 f5 19. exf5 gxf5 20. g5 e4 21. gxh6 exf3 22.
hxg7 Rg8 23. Qd3 Qh4 24. Qxf3 Rxg7+ 25. Kh2 Nf6 26. Bf4 Rag8 27. Kh1 Ne4 28.
Rae1 Kh8 29. Nb1 Rh7 30. Kh2 Rg4 31. Bd2 Rg3 {} 0-1

[Event "I Taça Litoral"]
[Site "S Martinho Porto POR"]
[Date "2018.09.16"]
[Round "2.14"]
[White "Oster, Jean-Marie"]
[Black "Sperber, Ulrich"]
[Result "1/2-1/2"]
[WhiteElo "1479"]
[BlackElo "1838"]
[WhiteFideId "638013"]
[BlackFideId "24697125"]
[WhiteCountry "FRA"]
[BlackCountry "GER"]
[PlyCount "150"]


1. Nf3 d5 2. c4 c6 3. d4 Nf6 4. Nc3 a6 5. e3 Bf5 6. cxd5 cxd5 7. Be2 h6 8. O-O
Nc6 9. a3 e6 10. b4 Rc8 11. Bb2 b5 12. Rc1 Bd6 13. Nd2 O-O 14. Nb3 Nd7 15. Nc5
Nxc5 16. bxc5 Bc7 17. Na2 Re8 18. Nb4 Nxb4 19. axb4 Qg5 20. f4 Qe7 21. Ra1 Ra8
22. Ra3 Qd7 23. Qb3 Qc6 24. Rfa1 Ra7 25. Bf3 Rea8 26. Bc3 Bd3 27. Qd1 Bc4 28.
Qc2 Qd7 29. g3 Qd8 30. e4 dxe4 31. Bxe4 Bd5 32. Bh7+ Kh8 33. Bd3 Bc6 34. Bf1 a5
35. Qd2 Qd5 36. Bg2 Qxg2+ 37. Qxg2 Bxg2 38. Kxg2 a4 39. Rd1 Rd8 40. Ba1 Rd5 41.
Kf3 Ra8 42. g4 Rad8 43. Rdd3 e5 44. fxe5 Bxe5 45. h3 Bf6 46. Ke4 Kg8 47. Ra2 Kf8
48. Rc2 R5d7 49. Rcd2 Re8+ 50. Kf3 Rd5 51. Re2 Rxe2 52. Kxe2 Ke7 53. Re3+ Kd7
54. Kd3 h5 55. Re4 hxg4 56. hxg4 Kc6 57. Rf4 Rd7 58. Rf5 Rd5 59. Rf4 Rg5 60. Ke4
Rd5 61. Kd3 Kd7 62. Rf5 Rxf5 63. gxf5 g6 64. Ke4 g5 65. Bb2 Bg7 66. Ba3 g4 67.
d5 g3 68. Kf3 Be5 69. Bc1 Ke7 70. Bg5+ f6 71. d6+ Kd7 72. Bc1 Bc3 73. Ba3 Be5
74. Kg2 Kc6 75. Kf3 Kd7 1/2-1/2

[Event "I Taça Litoral"]
[Site "S Martinho Porto POR"]
[Date "2018.09.16"]
[Round "2.15"]
[White "Fonseca, René Gil"]
[Black "Simões, Miguel"]
[Result "0-1"]
[WhiteElo "1392"]
[BlackElo "1805"]
[WhiteFideId "1957767"]
[BlackFideId "1946307"]
[WhiteCountry "POR"]
[BlackCountry "POR"]
[PlyCount "107"]


1. e4 e5 2. Nf3 Nc6 3. Bb5 a6 4. Ba4 Nf6 5. O-O b5 6. Bb3 Be7 7. Re1 O-O 8. c3
d6 9. h3 Na5 10. Bc2 c5 11. d4 Qc7 12. d5 Re8 13. Nbd2 Bf8 14. Nf1 g6 15. Ng3
Bg7 16. Nh2 Nc4 17. b3 Nb6 18. Qf3 Bb7 19. Ng4 Nxg4 20. Qxg4 Rac8 21. Qh4 a5 22.
Bh6 Qe7 23. Bg5 f6 24. Bh6 Bxh6 25. Qxh6 c4 26. Re3 Qg7 27. Qh4 Kh8 28. Bd1 f5
29. exf5 Nxd5 30. Rf3 g5 31. Qg4 Nf6 32. Nh5 Nxg4 33. Nxg7 Kxg7 34. hxg4 Bxf3
35. Bxf3 e4 36. Be2 d5 37. bxc4 dxc4 38. Rd1 Rcd8 39. Rb1 Rd2 40. Kf1 Rxa2 41.
Rd1 Re7 42. Rd6 Kf7 43. f6 Re6 44. Rd7+ Kxf6 45. g3 Ra1+ 46. Kg2 Re1 47. Bd1 b4
48. cxb4 axb4 49. f4 Rxd1 50. Rxd1 c3 51. f5 Rc6 52. Rd8 c2 53. Rf8+ Kg7 {} 0-1

[Event "I Taça Litoral"]
[Site "S Martinho Porto POR"]
[Date "2018.09.16"]
[Round "2.16"]
[White "Dong, Rafael"]
[Black "Heil, Rudolf"]
[Result "1/2-1/2"]
[WhiteElo "1303"]
[BlackElo "1737"]
[WhiteFideId "1958038"]
[BlackFideId "1271132"]
[WhiteCountry "POR"]
[BlackCountry "GER"]
[PlyCount "58"]


1. c4 c5 2. g3 g6 3. Bg2 Bg7 4. Nf3 e5 5. Nc3 Ne7 6. e3 O-O 7. O-O Nbc6 8. d3 d6
9. Bd2 Be6 10. Ng5 Bf5 11. e4 Bd7 12. Nd5 h6 13. Nf3 f5 14. a3 g5 15. b4 f4 16.
b5 Nd4 17. Nxd4 cxd4 18. a4 Nxd5 19. cxd5 Rc8 20. Bb4 Qe7 21. Qe2 Rc7 22. Rac1
Rfc8 23. Qb2 Bf8 24. Rxc7 Rxc7 25. Rc1 Qd8 26. Bd2 Qc8 27. Rxc7 Qxc7 28. Qc1
Qxc1+ 29. Bxc1 {} 1/2-1/2

[Event "I Taça Litoral"]
[Site "S Martinho Porto POR"]
[Date "2018.09.16"]
[Round "2.17"]
[White "Selkirk, Rebecca"]
[Black "Oliveira, Fernando Alves"]
[Result "1-0"]
[WhiteElo "1733"]
[BlackElo "1586"]
[WhiteFideId "14306514"]
[BlackFideId "1947869"]
[WhiteCountry "RSA"]
[BlackCountry "POR"]
[PlyCount "70"]


1. e4 Nc6 2. d4 d5 3. e5 Bf5 4. f4 e6 5. Nf3 a6 6. a3 Bg4 7. Be3 Nge7 8. c3 Nf5
9. Bf2 Be7 10. h3 Bxf3 11. Qxf3 Na5 12. Nd2 b5 13. Bd3 Nh4 14. Bxh4 Bxh4+ 15. g3
Be7 16. f5 O-O 17. f6 gxf6 18. Qg4+ Kh8 19. exf6 Rg8 20. Qh5 Rg6 21. Bxg6 fxg6
22. fxe7 Qxe7 23. Qe5+ Kg8 24. O-O Nc6 25. Qf6 Qd6 26. Kh2 Ne7 27. Qf7+ Kh8 28.
Rf6 Nf5 29. Rg1 c5 30. Nf3 cxd4 31. Ng5 Ng7 32. Rgf1 Rg8 33. cxd4 h6 34. Qxg6
Nf5 35. Qh7# {} 1-0

[Event "I Taça Litoral"]
[Site "S Martinho Porto POR"]
[Date "2018.09.16"]
[Round "2.18"]
[White "Ferreira, Cristina"]
[Black "Schleime, Franz-Joseph"]
[Result "0-1"]
[WhiteElo "1134"]
[BlackElo "1696"]
[WhiteFideId "1963082"]
[BlackFideId "24641740"]
[WhiteCountry "POR"]
[BlackCountry "GER"]
[PlyCount "60"]


1. d4 Nf6 2. Nf3 e6 3. e3 b6 4. Bd3 g6 5. O-O Bg7 6. b3 O-O 7. Ba3 Re8 8. Nc3
Bb7 9. e4 d6 10. Bb5 c6 11. Bd3 Qc7 12. Qd2 Nbd7 13. Rae1 c5 14. Qc1 a6 15. Qd1
cxd4 16. Nxd4 Qxc3 17. Ne2 Qc7 18. Nd4 Nc5 19. f3 Rac8 20. Bc1 e5 21. Ne2 Nxd3
22. cxd3 Qc2 23. Bg5 Qxd1 24. Rxd1 Rc2 25. Ng3 Rec8 26. Bd2 Rxa2 27. Bb4 Rcc2
28. Bxd6 Rxg2+ 29. Kh1 Rxh2+ 30. Kg1 Rag2# 0-1

[Event "I Taça Litoral"]
[Site "S Martinho Porto POR"]
[Date "2018.09.16"]
[Round "2.19"]
[White "Nielsen, Jørgen"]
[Black "Coimbra, João"]
[Result "1-0"]
[WhiteElo "1670"]
[BlackElo "1429"]
[WhiteFideId "1413279"]
[BlackFideId "1901435"]
[WhiteCountry "DEN"]
[BlackCountry "POR"]
[PlyCount "82"]


1. f4 c6 2. Nf3 d6 3. e4 Bg4 4. Bc4 Bxf3 5. Qxf3 e6 6. O-O d5 7. exd5 cxd5 8.
Bb5+ Nc6 9. Kh1 a6 10. Ba4 Nf6 11. c3 Bc5 12. d4 Be7 13. f5 exf5 14. Qxf5 Qd7
15. Bg5 Qxf5 16. Rxf5 Rd8 17. Nd2 b5 18. Bb3 Na5 19. Bxf6 gxf6 20. Bxd5 Rd6 21.
Raf1 h5 22. Ne4 Rb6 23. Nxf6+ Bxf6 24. Rxf6 Rxf6 25. Rxf6 Rh7 26. Rxa6 Nc4 27.
Bxc4 bxc4 28. Rc6 Kd7 29. Rxc4 Rh6 30. Rc5 Ra6 31. a3 Rb6 32. b4 Rf6 33. Kg1 h4
34. a4 Kd6 35. b5 Kd7 36. a5 Rf4 37. a6 Re4 38. Re5 Rxe5 39. dxe5 Kc7 40. Kf2
Kb6 41. Kf3 {} 1-0

[Event "I Taça Litoral"]
[Site "S Martinho Porto POR"]
[Date "2018.09.16"]
[Round "2.20"]
[White "Müller, Dieter"]
[Black "Martins, Domingos"]
[Result "1/2-1/2"]
[WhiteElo "1632"]
[BlackElo "1339"]
[WhiteFideId "24699640"]
[BlackFideId "1947389"]
[WhiteCountry "GER"]
[BlackCountry "POR"]
[PlyCount "76"]


1. Nf3 c5 2. c4 e6 3. Nc3 Nc6 4. g3 a6 5. Bg2 Nf6 6. d3 b6 7. O-O Bb7 8. Bg5 Be7
9. a3 O-O 10. Rb1 d6 11. b4 h6 12. Bd2 Qc7 13. e3 Ne5 14. Qe2 Nxf3+ 15. Bxf3
Bxf3 16. Qxf3 Nd7 17. a4 Ne5 18. Qe2 Qb7 19. f4 Nd7 20. b5 a5 21. e4 e5 22. Nd5
Rae8 23. Bc3 exf4 24. Rxf4 Bg5 25. Rf3 Ne5 26. Bxe5 Rxe5 27. Rbf1 Bd8 28. R1f2
f6 29. Qf1 Qf7 30. h3 h5 31. Kh2 Rg5 32. h4 Rg6 33. Rf5 Rh6 34. Qd1 Qe8 35. Nf4
g6 36. Nxh5 gxf5 37. Rxf5 Qg6 38. Nf4 {} 1/2-1/2

[Event "I Taça Litoral"]
[Site "S Martinho Porto POR"]
[Date "2018.09.16"]
[Round "2.22"]
[White "Oliveira, Tomás"]
[Black "Dong, Fábio"]
[Result "1-0"]
[WhiteElo "1596"]
[BlackElo "1289"]
[WhiteFideId "1929216"]
[BlackFideId "1958020"]
[WhiteCountry "POR"]
[BlackCountry "POR"]
[PlyCount "60"]


1. c4 Nf6 2. g3 e6 3. Bg2 d5 4. cxd5 exd5 5. Nf3 c6 6. d4 Be7 7. Nc3 O-O 8. O-O
Bf5 9. a3 a5 10. Bf4 Nbd7 11. Nh4 Be6 12. Nf3 Nb6 13. Bg5 h6 14. Bxf6 Bxf6 15.
e3 Nc4 16. b3 Nd6 17. Re1 Qc7 18. Na4 b6 19. Ra2 Qd7 20. Nxb6 Qb7 21. Nxa8 Rxa8
22. Nd2 Nb5 23. Qc2 Be7 24. a4 Nd6 25. Rc1 Rc8 26. e4 Qb4 27. Qc3 Qb6 28. h4 Nb7
29. Qe3 Bb4 30. exd5 {} 1-0

[Event "I Taça Litoral"]
[Site "S Martinho Porto POR"]
[Date "2018.09.16"]
[Round "3.1"]
[White "Lochte, Thomas"]
[Black "Ikkonikov, Vyacheslav"]
[Result "0-1"]
[WhiteElo "2071"]
[BlackElo "2551"]
[WhiteFideId "4606272"]
[BlackFideId "4100972"]
[BlackTitle "GM"]
[WhiteCountry "GER"]
[BlackCountry "RUS"]
[PlyCount "56"]


1. e4 c5 2. d4 cxd4 3. c3 dxc3 4. Nxc3 Nc6 5. Nf3 e6 6. Bc4 a6 7. O-O Nge7 8.
Bg5 h6 9. Be3 b5 10. Bb3 Ng6 11. Nd4 Bb7 12. f4 Bc5 13. f5 Nge5 14. Kh1 Nxd4 15.
Bxd4 Bxd4 16. Qxd4 Qb8 17. Rad1 O-O 18. f6 g6 19. Ne2 a5 20. Ng1 a4 21. Nf3 Nxf3
22. Rxf3 axb3 23. axb3 Kh7 24. Rdf1 b4 25. g4 Ra5 26. Qxb4 Qa8 27. Re1 Re5 28.
Rfe3 d5 0-1

[Event "I Taça Litoral"]
[Site "S Martinho Porto POR"]
[Date "2018.09.16"]
[Round "3.2"]
[White "Grigore, George-Gabriel"]
[Black "Schmitz, Andreas"]
[Result "1-0"]
[WhiteElo "2486"]
[BlackElo "2008"]
[WhiteFideId "1200186"]
[BlackFideId "4609875"]
[WhiteTitle "GM"]
[BlackTitle "CM"]
[WhiteCountry "ROU"]
[BlackCountry "GER"]
[PlyCount "63"]


1. d4 d5 2. c4 dxc4 3. Nf3 Nf6 4. e3 Bg4 5. Bxc4 e6 6. Nc3 a6 7. h3 Bh5 8. g4
Bg6 9. Ne5 Nbd7 10. Nxg6 hxg6 11. Qf3 b5 12. Bb3 c5 13. g5 Ng8 14. h4 c4 15. Bc2
Bb4 16. a4 Rb8 17. axb5 axb5 18. Ke2 Ne7 19. h5 Rxh5 20. Rxh5 gxh5 21. Qxh5 Bxc3
22. bxc3 g6 23. Qh8+ Nf8 24. Ba3 Kd7 25. Qf6 Ke8 26. Be4 Qd7 27. Bxe7 Qxe7 28.
Bc6+ Kd8 29. Ra7 Qxf6 30. gxf6 Rc8 31. Rxf7 Rxc6 32. Rxf8+ 1-0

[Event "I Taça Litoral"]
[Site "S Martinho Porto POR"]
[Date "2018.09.16"]
[Round "3.3"]
[White "Sismeiro, Miguel"]
[Black "Sharma, Dinesh K"]
[Result "1/2-1/2"]
[WhiteElo "2014"]
[BlackElo "2276"]
[WhiteFideId "1950975"]
[BlackFideId "5004110"]
[BlackTitle "IM"]
[WhiteCountry "POR"]
[BlackCountry "IND"]
[PlyCount "40"]


1. e4 e6 2. d4 d5 3. Nc3 Nf6 4. e5 Nfd7 5. f4 c5 6. Nf3 a6 7. Be3 Qb6 8. Na4
Qa5+ 9. c3 cxd4 10. b4 Qc7 11. Bxd4 Nc6 12. Be3 Be7 13. Bd3 b5 14. Nb2 Bb7 15.
O-O Nb6 16. Nd4 Nc4 17. Nxc4 dxc4 18. Bc2 Rd8 19. a3 g6 20. Qe2 O-O 1/2-1/2

[Event "I Taça Litoral"]
[Site "S Martinho Porto POR"]
[Date "2018.09.16"]
[Round "3.4"]
[White "Schmitz, Manuela"]
[Black "Fernandes, Ricardo Paulos"]
[Result "0-1"]
[WhiteElo "1931"]
[BlackElo "2160"]
[WhiteFideId "4626001"]
[BlackFideId "1943464"]
[WhiteTitle "WFM"]
[WhiteCountry "GER"]
[BlackCountry "POR"]
[PlyCount "70"]


1. d4 Nf6 2. Nf3 g6 3. c4 Bg7 4. Nc3 O-O 5. e4 d6 6. Be2 Nbd7 7. h3 e5 8. Be3
Re8 9. Qc2 exd4 10. Nxd4 Nc5 11. f3 Nh5 12. g4 Ng3 13. Rg1 Qh4 14. O-O-O f5 15.
gxf5 gxf5 16. Bd3 f4 17. Bf2 Be5 18. Nb3 b6 19. Nd5 Ne6 20. Bf1 c5 21. Qd3 Kh8
22. Kb1 Rb8 23. Be1 Bd7 24. Bc3 Bc6 25. Rd2 Ng5 26. Nc7 Red8 27. Bg2 Rd7 28. Nd5
Ne6 29. Rgd1 a5 30. Na1 b5 31. cxb5 Bxb5 32. Qc2 Nd4 33. Bxd4 cxd4 34. Nb3 d3
35. Qc1 Ne2 0-1

[Event "I Taça Litoral"]
[Site "S Martinho Porto POR"]
[Date "2018.09.16"]
[Round "3.5"]
[White "van Riemsdijk, Herman"]
[Black "Lopez De Turiso, José Angel"]
[Result "1-0"]
[WhiteElo "2270"]
[BlackElo "1942"]
[WhiteFideId "2100053"]
[BlackFideId "2207680"]
[WhiteTitle "IM"]
[WhiteCountry "BRA"]
[BlackCountry "ESP"]
[PlyCount "77"]


1. e4 e5 2. Nf3 Nc6 3. Bb5 a6 4. Ba4 Nf6 5. O-O Be7 6. Re1 b5 7. Bb3 O-O 8. d4
Nxd4 9. Bxf7+ Rxf7 10. Nxe5 Rf8 11. Qxd4 c5 12. Qd1 Qc7 13. Nd3 Bb7 14. f3 Rae8
15. Bf4 d6 16. Nc3 c4 17. Nf2 b4 18. Ne2 Qc5 19. Qd4 d5 20. e5 Nd7 21. c3 a5 22.
Qd2 g5 23. Bxg5 Nxe5 24. Nd4 Qd6 25. Bxe7 Rxe7 26. Qg5+ Ng6 27. Nf5 Rxe1+ 28.
Rxe1 Qf6 29. Qxf6 Rxf6 30. Ng4 Rb6 31. h4 bxc3 32. bxc3 Rb2 33. h5 Nf4 34. Re7
Ne2+ 35. Kh2 Nxc3 36. Nf6+ Kf8 37. Nxh7+ Kg8 38. Nh6+ Kh8 39. Nf6 1/2-1/2

[Event "I Taça Litoral"]
[Site "S Martinho Porto POR"]
[Date "2018.09.16"]
[Round "3.6"]
[White "Pitschka, Claus"]
[Black "Basílio, Rodrigo"]
[Result "1-0"]
[WhiteElo "2262"]
[BlackElo "1669"]
[WhiteFideId "4617762"]
[BlackFideId "1941380"]
[WhiteTitle "FM"]
[WhiteCountry "GER"]
[BlackCountry "POR"]
[PlyCount "107"]


1. d4 Nf6 2. Bf4 g6 3. Nc3 Bg7 4. e4 d6 5. Qd2 O-O 6. h4 h5 7. Nf3 Nbd7 8. O-O-O
c5 9. Bh6 Qa5 10. Bxg7 Kxg7 11. e5 Ng4 12. exd6 exd6 13. Ng5 a6 14. f3 Ngf6 15.
Kb1 b5 16. Nce4 Qxd2 17. Rxd2 Ne8 18. Be2 c4 19. g4 Ndf6 20. gxh5 Nxh5 21. Bf1
Nf4 22. Bh3 Rh8 23. Bxc8 Rxc8 24. Ng3 Nf6 25. N3e4 Rcd8 26. Nxf6 Kxf6 27. d5 Kg7
28. Rd4 Nh5 29. Re1 Rd7 30. Rde4 Rhd8 31. Re8 Rxe8 32. Rxe8 Nf6 33. Ra8 Nxd5 34.
Rxa6 f5 35. Kc1 Kf6 36. Ra5 Rb7 37. a4 Nc7 38. f4 bxa4 39. Rxa4 d5 40. Ra5 Ke7
41. Ra3 d4 42. Ra5 Rb5 43. Ra7 Rc5 44. Nf3 d3 45. Ne5 dxc2 46. Nxg6+ Kf6 47. Ne5
Kg7 48. Nd7 Rc6 49. Nb8 Rc5 50. Na6 Ra5 51. Rxc7+ Kh6 52. Nb4 Ra1+ 53. Kxc2 Rh1
54. Rxc4 1-0

[Event "I Taça Litoral"]
[Site "S Martinho Porto POR"]
[Date "2018.09.16"]
[Round "3.7"]
[White "Grüttner, Ralf"]
[Black "Amato, Giampiero"]
[Result "1-0"]
[WhiteElo "2133"]
[BlackElo "2031"]
[WhiteFideId "4638158"]
[BlackFideId "813303"]
[WhiteCountry "GER"]
[BlackCountry "ITA"]
[PlyCount "71"]


1. d4 Nf6 2. c4 g6 3. Nc3 Bg7 4. e4 d6 5. Nf3 O-O 6. Be2 Na6 7. O-O e5 8. d5 Nc5
9. Qc2 a5 10. Ne1 Bd7 11. f3 Nh5 12. g3 f5 13. Nd3 Nxd3 14. Bxd3 Rf7 15. Bd2 Kh8
16. Nb5 Bf8 17. b3 Be7 18. Rac1 c6 19. Nc3 Bg5 20. Kh1 Bxd2 21. Qxd2 c5 22. exf5
gxf5 23. Be2 Qf6 24. f4 Qh6 25. Bxh5 Qxh5 26. fxe5 dxe5 27. Qe3 f4 28. gxf4 Bh3
29. Rf2 Raf8 30. Ne4 Rxf4 31. Rxf4 exf4 32. Qc3+ Kg8 33. Rg1+ Kf7 34. Rg7+ Ke8
35. Nd6+ Kd8 36. Qxa5+ 1-0

[Event "I Taça Litoral"]
[Site "S Martinho Porto POR"]
[Date "2018.09.16"]
[Round "3.8"]
[White "Kievelitz, Bernd"]
[Black "Krüger, Till"]
[Result "1/2-1/2"]
[WhiteElo "1842"]
[BlackElo "1948"]
[WhiteFideId "4602544"]
[BlackFideId "24647705"]
[WhiteCountry "GER"]
[BlackCountry "GER"]
[PlyCount "58"]


1. Nf3 d6 2. d4 Nf6 3. c4 Nbd7 4. Nc3 e5 5. e4 Be7 6. Be2 O-O 7. O-O c6 8. Qc2
a6 9. Rd1 Qc7 10. Bg5 Re8 11. Rac1 h6 12. Bh4 g5 13. Bg3 Nh5 14. dxe5 Nxg3 15.
hxg3 dxe5 16. a3 a5 17. Nh2 Nf6 18. Na4 Be6 19. c5 Rad8 20. b4 axb4 21. axb4
Rxd1+ 22. Rxd1 Rd8 23. f3 Kg7 24. Nb6 Nd7 25. Nc4 Nf8 26. Nf1 Rxd1 27. Qxd1 Bxc4
28. Bxc4 b5 29. Ba2 Qd8 1/2-1/2

[Event "I Taça Litoral"]
[Site "S Martinho Porto POR"]
[Date "2018.09.16"]
[Round "3.9"]
[White "Haase, Georg"]
[Black "Selkirk, Rebecca"]
[Result "1/2-1/2"]
[WhiteElo "1946"]
[BlackElo "1733"]
[WhiteFideId "12998265"]
[BlackFideId "14306514"]
[WhiteCountry "GER"]
[BlackCountry "RSA"]
[PlyCount "50"]


1. e4 c6 2. d4 d5 3. exd5 cxd5 4. c4 Nf6 5. Nc3 e6 6. Nf3 Nc6 7. Be2 dxc4 8.
Bxc4 a6 9. O-O Be7 10. h3 b5 11. Bb3 Bb7 12. d5 exd5 13. Nxd5 Nxd5 14. Bxd5 O-O
15. Re1 Bf6 16. a4 b4 17. Rb1 h6 18. Be3 a5 19. Qb3 Qd7 20. Bc4 Rac8 21. Rbd1
Qc7 22. Rc1 Ne5 23. Bd5 Bxd5 24. Qxd5 Nxf3+ 25. Qxf3 Qd7 1/2-1/2